01024nam a22002417a 4500003000900000005001700009007000300026008004100029040002500070082001400095245015000109260004400259300002000303490005300323590002700376700003200403830005600435910001400491942001400505952012000519952012600639999001700765DO-SdBNP20220524103117.0ta110301s2000 dr 000 0 spa d aDO-SdBNPbspacBNPHU axxxxbxxx00aDiagnóstico de conflictividad :b´´imaginario dominicano a la hora de pronunciarse sobre el tema CONFLICTO´´ /cpresentación Onofre Rojas aSanto Domingo :bUniversitaria, c2000. a96 p. :c20 cm.1 aUniversidad Autónoma de Santo Domingo ;v982 ; aInventariado, 2022/ YL12aRojas, Onofreepres.981450 0pUniversidad Autónoma de Santo Domingon982981667 aYLockward 2ddccLBS1 00102ddc53708PDaBNPHUbBNPHUcHDd2022-05-24eDonaciónl0oxxxx xxxp2022-2347r2022-05-24w2022-05-24yLBS1 00102ddc53708PDaBNPHUbBNPHUcHDd2022-05-24eDonaciónl0oxxxx xxxp2022-2348r2022-05-24te. 2w2022-05-24yLBS1 c51797d51797